000 00606nam a2200205Ia 4500
005 20250923150007.0
008 008 250917s9999 xx 000 0 eng d
037 _aTextual
040 _aDSWL
_beng
_cDSWL
041 _aeng
_2eng
084 _aYX;1-m70aL.2, N92
_qDSWL
100 _aSahni, Ashok
_9841083
245 4 _aThe Third Force in Health Care : Volunatry Sector
_c by Ashok Sahni
260 _aBangalore
_b I.S.H. Administration
_c1992
300 _a140 p.
365 _aINR
_b200.00
925 _g200.00
942 _cTEXL
_hYX;1-m70aL.2, N92
999 _c1458266
_d1458266